|
|
|
|
| LEADER |
00000cam a2200000 a 4500 |
| 001 |
vtls010320571 |
| 003 |
SK-MaSNL |
| 005 |
20260425223141.0 |
| 008 |
180601s2011 xo boa g 001 0 slo |
| 015 |
|
|
|a SNBA2012/04-01949
|
| 020 |
|
|
|a 9788055602202
|q (viaz.)
|
| 035 |
|
|
|a B9688BDF-1375-40BF-982F-6118222B725A
|
| 035 |
|
|
|a urn:nbn:sk:snk-am3h5m8
|
| 035 |
|
|
|a urn:nbn:sk:snk-am00cnwv
|
| 040 |
|
|
|a SNK
|b slo
|c SNK
|e AACR2
|
| 041 |
1 |
|
|a slo
|a eng
|h slo
|
| 043 |
|
|
|a e-xo---
|a e------
|
| 044 |
|
|
|a xo
|c SK
|
| 072 |
|
7 |
|a 502
|x Životné prostredie a jeho ochrana
|2 konspekt
|
| 080 |
|
|
|a 502.2
|2 2001
|
| 080 |
|
|
|a 582
|2 2001
|
| 080 |
|
|
|a 592/599
|2 2001
|
| 080 |
|
|
|a 502.21(1-751)
|2 2001
|
| 080 |
|
|
|a 574.1
|2 2001
|
| 080 |
|
|
|a 502.17
|2 2001
|
| 080 |
|
|
|a (437.6)
|2 2001
|
| 080 |
|
|
|a (084.4)
|2 2001
|
| 080 |
|
|
|a (4)
|2 2001
|
| 245 |
0 |
0 |
|a Atlas druhov európskeho významu pre územia NATURA 2000 na Slovensku
|c [text Leonard Ambróz ... [et al.] ; fotografie: Lubomír Adamec ... [et al.] ; ilustrácie: Zuzana Komárová, Tomáš Kizek ; mapy: Daniel Gurňák ; preklad: Lida Sabová]
|
| 246 |
1 |
1 |
|a Atlas of species of European interest for NATURA 2000 sites in Slovakia
|
| 250 |
|
|
|a 1. slov. vyd.
|
| 260 |
|
|
|a Bratislava
|b Slovart
|c 2011
|
| 300 |
|
|
|a 520 s.
|b fareb. fotogr. a ilustr., mp.
|c 28 cm
|
| 500 |
|
|
|a Vydané pre Slovenské múzeum ochrany prírody a jaskyniarstva
|
| 504 |
|
|
|a Bibliogr. odkazy. Reg.
|
| 546 |
|
|
|a Súbež. názov a text angl.
|
| 650 |
0 |
7 |
|a príroda
|2 SNKPH
|9 3813
|
| 650 |
0 |
7 |
|a rastliny
|2 SNKPH
|9 690
|
| 650 |
0 |
7 |
|a živočíchy
|2 SNKPH
|9 1094
|
| 650 |
0 |
7 |
|a chránené územia
|2 SNKPH
|9 3785
|
| 650 |
0 |
7 |
|a biodiverzita
|2 SNKPH
|9 3702
|
| 650 |
0 |
7 |
|a ochrana prírody
|2 SNKPH
|9 3778
|
| 650 |
0 |
7 |
|a Nature
|2 SNKPHeng
|9 267314
|
| 650 |
0 |
7 |
|a Plants
|2 SNKPHeng
|9 296405
|
| 650 |
0 |
7 |
|a Protected areas
|2 SNKPHeng
|9 266318
|
| 650 |
0 |
7 |
|a Biodiversity
|2 SNKPHeng
|9 266352
|
| 650 |
0 |
7 |
|a Nature conservation
|2 SNKPHeng
|9 266020
|
| 650 |
0 |
7 |
|a Animals
|2 SNKPHeng
|9 267568
|
| 651 |
|
7 |
|a Slovensko
|2 SNKPH
|9 14231
|
| 651 |
|
7 |
|a Slovakia
|2 SNKPHeng
|9 92630
|
| 651 |
|
7 |
|a Európa
|2 SNKPH
|9 167569
|
| 651 |
|
7 |
|a Europe
|2 SNKPHeng
|9 56249
|
| 655 |
|
7 |
|a atlasy
|2 SNKPH
|9 70424
|
| 655 |
|
7 |
|a Atlases
|2 SNKPHeng
|9 280087
|
| 700 |
1 |
|
|a Ambróz, Leonard
|4 aut
|9 328944
|
| 700 |
1 |
|
|a Adamec, Lubomír
|4 pht
|9 328945
|
| 700 |
1 |
|
|a Komárová, Zuzana
|4 ill
|9 328946
|
| 700 |
1 |
|
|a Kizek, Tomáš,
|d 1963-
|4 ill
|9 37734
|
| 700 |
1 |
|
|a Gurňák, Daniel,
|d 1974-
|4 oth
|9 203303
|
| 700 |
1 |
|
|a Sabová, Lida
|4 trl
|9 328947
|
| 852 |
|
|
|a Štátna vedecká knižnica v Banskej Bystrici
|
| 919 |
|
|
|a 978-80-556-0220-2
|
| 958 |
|
|
|a OND
|
| 958 |
|
|
|a OP
|
| 968 |
|
|
|a Eng, slo
|b SLO
|d 56/59
|
| 999 |
|
|
|c 577911
|d 579841
|
| 952 |
|
|
|a SNK
|b SNK
|y PREZ
|7 0
|p 17A0720802
|o snkSB 82061
|i snk2011/21588
|8 0
|0 0
|1 0
|4 0
|d 2011-11-03
|f 1
|l 0
|r 2025-05-06 00:00:00
|w 2026-02-23
|
| 952 |
|
|
|a SNK
|b SNK
|y VYP
|7 0
|p 17A0720803
|o snkSB 82061 D1
|i snk2011/21589
|8 0
|0 0
|1 0
|4 0
|d 2011-11-03
|l 0
|r 2016-06-30 00:00:00
|w 2026-02-23
|
| 952 |
|
|
|t snkATL 502(084.4)
|a SNKUST
|b SNKUST
|y PREZ
|7 0
|p 17A0720804
|o snkSB 82061 D2
|i snk2011/21590
|8 0
|0 0
|1 0
|4 0
|d 2011-11-03
|l 0
|r 2025-03-20 00:00:00
|w 2026-02-23
|